[Event "Gelendzhik Rapid op"]
[Site "Gelendzhik"]
[Date "2023.05.29"]
[Round "9"]
[White "Glukhov, Mikhail"]
[Black "Shvedova, Maria"]
[Result "1/2-1/2"]
[WhiteElo "2100"]
[BlackElo "1848"]
[PlyCount "111"]
[EventDate "2023.05.27"]
[EventType "swiss (rapid)"]
[EventRounds "11"]
[EventCountry "RUS"]
[SourceTitle "CBM 214 Extra"]
[Source "ChessBase"]
[SourceDate "2023.07.31"]
[SourceVersion "1"]
[SourceVersionDate "2023.07.31"]
[SourceQuality "1"]

1. e4 c6 2. d4 d5 3. Nc3 dxe4 4. Nxe4 Nf6 5. Nxf6+ gxf6 6. Nf3 h5 7. Be3 h4 8. h3 Bf5 9. Bc4 Nd7 10. c3 Nb6 11. Bb3 Qd7 12. a4 Nd5 13. a5 Nxe3 14. fxe3 Qc7 15. Bc2 Qg3+ 16. Kf1 Rg8 17. Rg1 Be6 18. Qe2 Bh6 19. Bd3 0-0-0 20. b4 Rg7 21. Qf2 Rdg8 22. Qxg3 Rxg3 23. Kf2 Kc7 24. Rae1 Bd5 25. e4 Be6 26. c4 Bf4 27. d5 Bd7 28. Rd1 e5 29. Bc2 cxd5 30. cxd5 Kd6 31. Bd3 Rc8 32. Nxh4 Rc3 33. Nf3 Rb3 34. Be2 Rxb4 35. Rb1 Rxe4 36. Rxb7 Rg8 37. Rgb1 Rc8 38. Ne1 Bf5 39. Bd3 Rxe1 40. Bxf5 Rxb1 41. Rd7+ Kc5 42. Bxb1 Kd4 43. Rxf7 Rc1 44. Bf5 e4 45. d6 Rc2+ 46. Ke1 Ke3 47. Rc7 Rxc7 48. dxc7 Bxc7 49. a6 Ba5+ 50. Kf1 Kf4 51. g4 Kf3 52. Bd7 e3 53. Bc6+ Kg3 54. Ke2 Bb6 55. Bd7 Bd4 56. Bf5 1/2-1/2

[Event "Voronezh op-A 18th"]
[Site "Voronezh"]
[Date "2014.06.18"]
[Round "6"]
[White "Glukhov, Mikhail"]
[Black "Berezhnaya, Veronika"]
[Result "1-0"]
[WhiteElo "2209"]
[BlackElo "1943"]
[PlyCount "68"]
[EventDate "2014.06.12"]
[EventType "swiss"]
[EventRounds "9"]
[EventCountry "RUS"]
[SourceTitle "CBM 160 Extra"]
[Source "ChessBase"]
[SourceDate "2014.07.01"]
[SourceVersion "1"]
[SourceVersionDate "2014.07.01"]
[SourceQuality "1"]

1. c4 c5 2. Nf3 g6 3. g3 Bg7 4. d4 cxd4 5. Nxd4 Nc6 6. Be3 Nf6 7. Nxc6 bxc6 8. Bg2 0-0 9. 0-0 Qc7 10. Nc3 Rb8 11. Qc2 d5 12. Rad1 Bf5 13. Qc1 dxc4 14. Bc5 Nd5 15. e4 Nxc3 16. bxc3 Be6 17. Qa3 Bf6 18. f4 Rb5 19. Be3 Ra5 20. Qb2 Rb8 21. Qd2 Rab5 22. Bd4 Bg4 23. Bf3 Rb2 24. Qe3 Bxf3 25. Qxf3 Rxa2 26. e5 Bg7 27. f5 Bxe5 28. fxg6 fxg6 29. Qf7+ Kh8 30. Rde1 Bxd4+ 31. cxd4 Qa5 32. Rxe7 Rg2+ 33. Kxg2 Qd5+ 34. Qxd5 cxd5 1-0

[Event "Novokuznetsk Kuzbass op"]
[Site "Novokuznetsk"]
[Date "2014.??.??"]
[Round "6"]
[White "Glukhov, Mikhail"]
[Black "Silin, Sergei"]
[Result "0-1"]
[WhiteElo "2152"]
[BlackElo "1977"]
[PlyCount "68"]
[EventDate "2014.08.11"]
[EventType "swiss"]
[EventRounds "9"]
[EventCountry "RUS"]
[SourceTitle "CBM 162 Extra"]
[Source "ChessBase"]
[SourceDate "2014.10.17"]
[SourceVersion "1"]
[SourceVersionDate "2014.10.17"]
[SourceQuality "1"]

1. e4 c5 2. d4 cxd4 3. c3 d3 4. c4 g6 5. Bxd3 Bg7 6. Ne2 Nc6 7. Nbc3 d6 8. Be3 Nf6 9. h3 Qa5 10. 0-0 0-0 11. f4 Nb4 12. Rc1 Nxd3 13. Qxd3 Bd7 14. b3 Bc6 15. Rc2 a6 16. Nd5 Nxd5 17. exd5 Bd7 18. g4 b5 19. c5 dxc5 20. Bxc5 Rfc8 21. b4 Qd8 22. Qe3 e6 23. dxe6 Bxe6 24. f5 Bc4 25. f6 Bf8 26. Bxf8 Qxf8 27. Rf4 Re8 28. Qf2 Qh6 29. Qf3 Rad8 30. Nd4 Re1+ 31. Kh2 Bd5 32. Nf5 Rh1+ 33. Kxh1 Bxf3+ 34. Rxf3 gxf5 0-1

[Event "Novokuznetsk op"]
[Site "Novokuznetsk"]
[Date "2013.08.14"]
[Round "4"]
[White "Glukhov, Mikhail"]
[Black "Piskunov, Alexandr"]
[Result "0-1"]
[WhiteElo "2158"]
[BlackElo "2308"]
[PlyCount "194"]
[EventDate "2013.08.11"]
[EventType "swiss"]
[EventRounds "9"]
[EventCountry "RUS"]
[SourceTitle "CBM 156 Extra"]
[Source "ChessBase"]
[SourceDate "2013.10.22"]
[SourceVersion "1"]
[SourceVersionDate "2013.10.22"]
[SourceQuality "1"]

1. e4 d6 2. d4 Nf6 3. Nc3 Nbd7 4. Nf3 e5 5. Be2 c6 6. 0-0 Be7 7. Re1 0-0 8. b3 Re8 9. Bf1 Qa5 10. Bb2 Bf8 11. dxe5 Nxe5 12. Nxe5 dxe5 13. a3 b5 14. h3 Qb6 15. Qf3 Bc5 16. Rad1 Bd4 17. Bc1 a5 18. Ne2 Bc5 19. Ng3 Be6 20. Nf5 Bxf5 21. Qxf5 Re6 22. c3 Qa7 23. b4 Bb6 24. Be3 Ne8 25. Qg5 Nd6 26. Bxb6 Qxb6 27. Qe3 Qxe3 28. Rxe3 axb4 29. cxb4 Kf8 30. Rc1 Ra6 31. f3 Ke7 32. h4 Ne8 33. g3 Rd6 34. Rec3 Kd7 35. Be2 f6 36. Kf2 Nc7 37. f4 Rd4 38. Rd1 Ne6 39. f5 Nd8 40. Rcd3 Ke7 41. Ke3 Nf7 42. Rc3 Rxd1 43. Bxd1 Nd6 44. Be2 Kd7 45. Bd3 Kc7 46. Kd2 Kb6 47. Kc2 Ra8 48. Kd2 Rd8 49. Ke3 Ra8 50. Be2 Rd8 51. g4 h6 52. h5 Rc8 53. Bd3 c5 54. bxc5+ Rxc5 55. Kd2 Rxc3 56. Kxc3 Ka5 57. Kb3 Nf7 58. Bc2 Ng5 59. Kc3 Nf3 60. Bb3 Nd4 61. Bd1 Nc6 62. Bb3 Nb8 63. Bd1 Na6 64. Bb3 Kb6 65. Bd1 Kc5 66. Be2 Nb8 67. Bd1 Nc6 68. Bb3 Kb6 69. Bc2 Ka5 70. Bb3 Nb8 71. Bd1 Na6 72. Bb3 Nc5 73. Bc2 Na4+ 74. Kb3 Nb6 75. Bd3 Nc8 76. Bc2 Nd6 77. Bd3 Nf7 78. Bf1 Nd8 79. Bd3 Nc6 80. Kc3 Ka4 81. Kb2 Nd4 82. Bb1 b4 83. axb4 Kxb4 84. Bd3 Nf3 85. Ba6 Nd4 86. Bd3 Nb3 87. Bb5 Nc5 88. Be2 Nxe4 89. Kc2 Nd6 90. Kd3 Kc5 91. Bd1 e4+ 92. Ke3 Kd5 93. Bb3+ Ke5 94. Ba2 Nb5 95. Bb1 Nc3 96. Bc2 Nd5+ 97. Kf2 Kf4 0-1

[Event "Novokuznetsk Siberia-ch"]
[Site "Novokuznetsk"]
[Date "2013.03.24"]
[Round "4"]
[White "Puraev, Artemiy"]
[Black "Glukhov, Mikhail"]
[Result "1-0"]
[WhiteElo "2215"]
[BlackElo "2170"]
[PlyCount "95"]
[EventDate "2013.03.21"]
[EventType "swiss"]
[EventRounds "9"]
[EventCountry "RUS"]
[SourceTitle "CBM 153 Extra"]
[Source "ChessBase"]
[SourceDate "2013.04.22"]
[SourceVersion "1"]
[SourceVersionDate "2013.04.22"]
[SourceQuality "1"]

1. Nf3 c5 2. c4 Nc6 3. Nc3 e5 4. e3 Nf6 5. d4 cxd4 6. exd4 e4 7. Ng5 Bb4 8. Be2 h6 9. Nh3 d5 10. Nf4 dxc4 11. d5 Bxc3+ 12. bxc3 Ne7 13. Bxc4 0-0 14. 0-0 Nf5 15. Bb3 b6 16. c4 Ba6 17. Bb2 Rc8 18. Rc1 Qd6 19. Nh5 Nxh5 20. Qxh5 Qf4 21. Rfe1 Rfe8 22. Ba3 Nh4 23. Re3 Re5 24. Qe2 Rce8 25. Bd6 Nf3+ 26. gxf3 Rg5+ 27. Kh1 Qxd6 28. fxe4 Qf4 29. Re1 Rg4 30. f3 Rh4 31. Qd2 Rh3 32. Qg2 Rh4 33. e5 Rh5 34. Qe2 Kf8 35. Re4 Qf5 36. Ba4 b5 37. Bxb5 Bxb5 38. cxb5 Rh3 39. f4 Rc8 40. Rc4 Rc3 41. Rxc8+ Qxc8 42. Qe4 Rc4 43. Qf3 Rc3 44. Qf2 Rc2 45. Qxa7 Qg4 46. Qa8+ Ke7 47. d6+ Ke6 48. Qe4 1-0

[Event "Novokuznetsk op"]
[Site "Novokuznetsk"]
[Date "2012.08.05"]
[Round "4"]
[White "Glukhov, Mikhail"]
[Black "Tsepennikova, Tatyana"]
[Result "1-0"]
[WhiteElo "2176"]
[BlackElo "2083"]
[PlyCount "21"]
[EventDate "2012.08.02"]
[EventType "swiss"]
[EventRounds "9"]
[EventCountry "RUS"]
[SourceTitle "EXT 2013"]
[Source "ChessBase"]
[SourceDate "2012.11.22"]
[SourceVersion "1"]
[SourceVersionDate "2012.11.22"]
[SourceQuality "1"]

1. c4 e5 2. Nc3 Nf6 3. g3 d5 4. cxd5 Nxd5 5. Bg2 Nb6 6. e3 Nc6 7. Nge2 Be7 8. f4 Nb4 9. 0-0 Nd3 10. fxe5 Nc4 11. Qa4+ 1-0

[Event "Novokuznetsk op"]
[Site "Novokuznetsk"]
[Date "2012.08.04"]
[Round "3"]
[White "Kuznesov, Andrei"]
[Black "Glukhov, Mikhail"]
[Result "1-0"]
[WhiteElo "2279"]
[BlackElo "2176"]
[PlyCount "89"]
[EventDate "2012.08.02"]
[EventType "swiss"]
[EventRounds "9"]
[EventCountry "RUS"]
[SourceTitle "EXT 2013"]
[Source "ChessBase"]
[SourceDate "2012.11.22"]
[SourceVersion "1"]
[SourceVersionDate "2012.11.22"]
[SourceQuality "1"]

1. e4 c5 2. Nf3 e6 3. d4 cxd4 4. Nxd4 Nf6 5. Nc3 d6 6. g3 Be7 7. Bg2 0-0 8. 0-0 Bd7 9. a4 Nc6 10. h3 Rc8 11. Kh2 a6 12. f4 Qb6 13. Nde2 Rfd8 14. g4 Be8 15. g5 Nd7 16. Ng3 Qb4 17. h4 Nb6 18. Ra3 Qd4 19. Qg4 Nc4 20. Nce2 Qa7 21. Rc3 Nb4 22. b3 Na5 23. Be3 b6 24. Rxc8 Rxc8 25. f5 Qd7 26. Bxb6 Nac6 27. f6 Ne5 28. Qh3 Bf8 29. c3 Qb7 30. Bd4 Nbc6 31. fxg7 Be7 32. b4 Nxd4 33. cxd4 Nc6 34. Nh5 Qxb4 35. Rc1 Rb8 36. Qd3 Qxa4 37. Nf6+ Bxf6 38. gxf6 Qb5 39. Qg3 e5 40. Nc3 Qc4 41. dxe5 dxe5 42. Qe1 Rb2 43. Nd5 Rc2 44. Rxc2 Qxc2 45. Qb4 1-0

[Event "Sibiria Region-ch"]
[Site "Barnaul"]
[Date "2011.05.24"]
[Round "5"]
[White "Ostapenko, Dmitry"]
[Black "Glukhov, Mikhail"]
[Result "0-1"]
[WhiteElo "2309"]
[BlackElo "2151"]
[PlyCount "120"]
[EventDate "2011.05.20"]
[EventType "swiss"]
[EventRounds "9"]
[EventCountry "RUS"]
[SourceTitle "EXT 2012"]
[Source "ChessBase"]
[SourceDate "2011.11.24"]
[SourceVersion "1"]
[SourceVersionDate "2011.11.24"]
[SourceQuality "1"]

1. d4 Nf6 2. Nc3 d5 3. Bg5 Nbd7 4. Nf3 g6 5. Ne5 Bg7 6. e3 c6 7. f4 Qb6 8. a3 Nxe5 9. fxe5 Ng4 10. Be2 Nh6 11. 0-0 Nf5 12. g4 Bh6 13. Bxh6 Nxh6 14. b4 0-0 15. e4 Bxg4 16. Bxg4 Nxg4 17. Na4 Qb5 18. Qxg4 Qxa4 19. e6 f6 20. c3 dxe4 21. Qxe4 Rad8 22. Rae1 Qb3 23. Re3 Qd5 24. Qd3 Rd6 25. Rfe1 b5 26. Qc2 a5 27. Qf2 axb4 28. axb4 Ra8 29. R3e2 Kg7 30. Qf4 Ra3 31. Re5 Qb3 32. d5 Rxd5 33. Rxd5 Qxd5 34. Qc7 Ra2 35. Qxe7+ Kh6 36. Qf8+ Kh5 37. Qc5 Qxc5+ 38. bxc5 Ra8 39. Rd1 Kg4 40. Rd6 Kf3 41. h4 f5 42. Rxc6 f4 43. e7 Ra1+ 44. Kh2 Re1 45. Rc7 Re2+ 46. Kg1 Kg3 47. Kf1 f3 48. Rd7 Re3 49. c6 f2 50. e8Q Rxe8 51. Rd3+ Kxh4 52. Kxf2 Re6 53. Rd4+ Kh3 54. Rd7 Rxc6 55. Rxh7+ Kg4 56. Rb7 Rc5 57. Rb6 g5 58. Kg2 Kf4 59. Kf2 Ke4 60. Ke2 Re5 0-1

[Event "Sibiria Region-ch"]
[Site "Barnaul"]
[Date "2011.05.21"]
[Round "2"]
[White "Loskutov, Oleg"]
[Black "Glukhov, Mikhail"]
[Result "0-1"]
[WhiteElo "2437"]
[BlackElo "2151"]
[PlyCount "78"]
[EventDate "2011.05.20"]
[EventType "swiss"]
[EventRounds "9"]
[EventCountry "RUS"]
[SourceTitle "EXT 2012"]
[Source "ChessBase"]
[SourceDate "2011.11.24"]
[SourceVersion "1"]
[SourceVersionDate "2011.11.24"]
[SourceQuality "1"]

1. e4 e5 2. Nf3 Nc6 3. Bb5 a6 4. Ba4 Nf6 5. 0-0 Be7 6. Re1 b5 7. Bb3 d6 8. a3 Bg4 9. c3 Qd7 10. d3 0-0 11. Nbd2 d5 12. h3 Bh5 13. Qe2 d4 14. c4 Qd6 15. Bc2 Bxf3 16. Qxf3 b4 17. a4 Nd7 18. Nf1 Nc5 19. b3 Qd8 20. Qg4 Qd7 21. Qg3 Bd6 22. Qf3 Ne7 23. g4 Ng6 24. Ng3 Nh4 25. Qe2 Ne6 26. Nh5 f6 27. Ng3 g6 28. Kh2 Nf4 29. Qd1 h5 30. Rf1 Kg7 31. Ne2 hxg4 32. Ng1 Rh8 33. Kg3 Nf3 34. Bxf4 exf4+ 35. Kg2 Nxg1 36. Rxg1 Rxh3 37. Kf1 f3 38. Qd2 Rah8 39. c5 Bh2 0-1

[Event "Moscow op-E"]
[Site "Moscow"]
[Date "2011.02.05"]
[Round "8.170"]
[White "Klepikov, Nikita"]
[Black "Glukhov, Mikhail"]
[Result "0-1"]
[WhiteElo "1948"]
[BlackElo "2161"]
[PlyCount "82"]
[EventDate "2011.01.29"]
[EventType "swiss"]
[EventRounds "9"]
[EventCountry "RUS"]
[SourceTitle "EXT 2022"]
[Source "ChessBase"]
[SourceDate "2021.10.06"]
[SourceVersion "1"]
[SourceVersionDate "2021.10.06"]
[SourceQuality "1"]

1. e4 e5 2. Nf3 Nc6 3. Bb5 a6 4. Bxc6 dxc6 5. 0-0 f6 6. d4 exd4 7. Nxd4 c5 8. Ne2 Qxd1 9. Rxd1 Bd7 10. Nbc3 0-0-0 11. Bf4 Ne7 12. Bg3 g5 13. h4 h6 14. f4 Bg7 15. f5 Bc6 16. a4 Rxd1+ 17. Rxd1 b5 18. axb5 axb5 19. Bf2 b4 20. Nd5 Bxd5 21. exd5 Nxf5 22. Bxc5 Bf8 23. Bxf8 Rxf8 24. hxg5 hxg5 25. Kf2 Re8 26. Rd3 Re5 27. c3 bxc3 28. bxc3 Kd7 29. c4 Kd6 30. Rf3 Kc5 31. g4 Rxe2+ 32. Kxe2 Nd4+ 33. Ke3 Nxf3 34. Kxf3 Kd4 35. c5 Kxd5 36. c6 Kd4 37. Kf2 Ke4 38. Kg3 Ke3 39. Kg2 Kf4 40. Kh3 Kf3 41. Kh2 Kxg4 0-1

[Event "Berdsk-ch"]
[Site "Berdsk"]
[Date "2011.01.06"]
[Round "5"]
[White "Glukhov, Mikhail"]
[Black "Khanin, Semen"]
[Result "1-0"]
[WhiteElo "2161"]
[BlackElo "2056"]
[PlyCount "67"]
[EventDate "2011.01.02"]
[EventType "swiss"]
[EventRounds "9"]
[EventCountry "RUS"]
[SourceTitle "CBM 140 Extra"]
[Source "ChessBase"]
[SourceDate "2011.03.01"]
[SourceVersion "1"]
[SourceVersionDate "2011.03.01"]
[SourceQuality "1"]

1. c4 Nf6 2. Nf3 g6 3. d4 Bg7 4. g3 0-0 5. Bg2 d6 6. 0-0 Nbd7 7. Nc3 e5 8. b3 c6 9. Qc2 Qb6 10. Bb2 exd4 11. Na4 Qc7 12. Nxd4 Re8 13. Rad1 Nc5 14. Nc3 a5 15. Rfe1 Qb6 16. h3 Nh5 17. e3 a4 18. Nce2 axb3 19. axb3 Ra2 20. Nc1 Bf5 21. Qd2 Nxb3 22. Ncxb3 c5 23. Nxf5 Rxb2 24. Qxd6 Qxb3 25. Nxg7 Kxg7 26. Qxc5 Qc2 27. e4 Nxg3 28. Bf3 Kg8 29. Kg2 b6 30. Qd4 Nh5 31. Bxh5 gxh5 32. Qf6 Kf8 33. Rd7 Qxf2+ 34. Qxf2 1-0